[Event "La Piazzetta op 1st"]
[Site "Casalpusterlengo"]
[Date "2014.10.03"]
[Round "1"]
[White "Losi, Paolo"]
[Black "Egli, Urs Martin"]
[Result "0-1"]
[WhiteElo "1705"]
[BlackElo "1957"]
[PlyCount "46"]
[EventDate "2014.10.03"]
[EventType "swiss"]
[EventRounds "5"]
[EventCountry "ITA"]
[SourceTitle "EXT 2016"]
[Source "ChessBase"]
[SourceDate "2015.10.08"]
[SourceVersion "1"]
[SourceVersionDate "2015.10.08"]
[SourceQuality "1"]

1. d4 d6 2. Nf3 Nd7 3. Bf4 Ngf6 4. h3 c6 5. c3 Qc7 6. Nbd2 e5 7. dxe5 dxe5 8. Bh2 b5 9. e3 Bd6 10. Qc2 0-0 11. Bd3 Nc5 12. Rd1 Nxd3+ 13. Qxd3 Rd8 14. Qc2 Qe7 15. e4 Nh5 16. 0-0 Qf6 17. Nb3 Nf4 18. Bxf4 Qxf4 19. Nbd2 Be6 20. b3 Bc5 21. g3 Qxg3+ 22. Kh1 Bxf2 23. Nh2 Bxh3 0-1

[Event "Piacenza Province-ch"]
[Site "Piacenza"]
[Date "2014.04.11"]
[Round "1"]
[White "Marchesotti, Giovanni"]
[Black "Losi, Paolo"]
[Result "0-1"]
[WhiteElo "1541"]
[BlackElo "1743"]
[PlyCount "108"]
[EventDate "2014.04.11"]
[EventType "tourn"]
[EventRounds "5"]
[EventCountry "ITA"]
[SourceTitle "EXT 2016"]
[Source "ChessBase"]
[SourceDate "2015.10.08"]
[SourceVersion "1"]
[SourceVersionDate "2015.10.08"]
[SourceQuality "1"]

1. c4 Nf6 2. Nc3 c5 3. Nf3 Nc6 4. g3 g6 5. Bg2 Bg7 6. 0-0 0-0 7. d4 cxd4 8. Nxd4 a6 9. e3 Qc7 10. Qe2 d6 11. Nxc6 bxc6 12. Bd2 Rb8 13. Rab1 c5 14. b3 Bb7 15. e4 Nd7 16. Nd5 Bxd5 17. exd5 Rbe8 18. f4 f5 19. Qd3 Qa7 20. Rfe1 Rf7 21. Bc3 Nf6 22. Re6 Qd7 23. Rbe1 Kf8 24. h3 Nh5 25. Kh2 Bf6 26. Bxf6 Nxf6 27. Bf3 Qc7 28. Qc3 Kg8 29. h4 Qb7 30. R1e3 Qb4 31. Qb2 a5 32. Qe2 Qb7 33. Rxd6 exd6 34. Rxe8+ Nxe8 35. Qxe8+ Kg7 36. Qe6 Qe7 37. Kh3 Qxe6 38. dxe6 Ra7 39. g4 fxg4+ 40. Kxg4 Kf6 41. Bd5 a4 42. bxa4 h5+ 43. Kf3 Rxa4 44. e7 Kxe7 45. f5 gxf5 46. Kf4 Kf6 47. a3 Rxa3 48. Bg8 Ra8 49. Bd5 Re8 50. Bf3 Kg6 51. Bc6 Re1 52. Be8+ Kf6 53. Bc6 Rf1+ 54. Bf3 Rxf3+ 0-1

[Event "Crema op 15th"]
[Site "Crema"]
[Date "2013.08.31"]
[Round "3"]
[White "Losi, Paolo"]
[Black "Galli, Fabrizio"]
[Result "1/2-1/2"]
[WhiteElo "1728"]
[BlackElo "1455"]
[PlyCount "92"]
[EventDate "2013.08.30"]
[EventType "swiss"]
[EventRounds "6"]
[EventCountry "ITA"]
[SourceTitle "EXT 2015"]
[Source "ChessBase"]
[SourceDate "2014.11.20"]
[SourceVersion "1"]
[SourceVersionDate "2014.11.20"]
[SourceQuality "1"]

1. d4 d5 2. Nf3 e6 3. c4 Nf6 4. Nc3 b6 5. Qc2 Nc6 6. Bg5 Be7 7. e3 Bb7 8. cxd5 exd5 9. a3 a6 10. Bd3 h6 11. Bf4 Bd6 12. Ne5 Bxe5 13. dxe5 Nh5 14. 0-0-0 Nxf4 15. exf4 Ne7 16. f5 Nc6 17. f4 d4 18. Be4 Qe7 19. Nd5 Qd8 20. Rhe1 Rc8 21. f6 g6 22. Bxg6 Qxd5 23. Be4 Qc5 24. Rd2 Rd8 25. Qxc5 bxc5 26. Rc2 Na5 27. Bxb7 Nxb7 28. e6 Rd6 29. f5 Rg8 30. g3 Rg5 31. Rf2 h5 32. Rf3 Na5 33. Re5 Nb7 34. Rb3 Rb6 35. exf7+ Kxf7 36. Rxb6 cxb6 37. Re7+ Kxf6 38. Rxb7 Kxf5 39. Rxb6 a5 40. Rb3 Ke4 41. Kd2 Rf5 42. Ke2 c4 43. Rb8 d3+ 44. Ke1 Rf3 45. Re8+ Kd4 46. Rd8+ Ke4 1/2-1/2

[Event "Codogno op-B 4th"]
[Site "Codogno"]
[Date "2012.09.22"]
[Round "3"]
[White "Raimondi, Celso"]
[Black "Losi, Paolo"]
[Result "1/2-1/2"]
[WhiteElo "1657"]
[BlackElo "1742"]
[PlyCount "78"]
[EventDate "2012.09.21"]
[EventType "swiss"]
[EventRounds "5"]
[EventCountry "ITA"]
[SourceTitle "EXT 2016"]
[Source "ChessBase"]
[SourceDate "2015.10.08"]
[SourceVersion "1"]
[SourceVersionDate "2015.10.08"]
[SourceQuality "1"]

1. d4 d5 2. c4 Nf6 3. Nc3 e6 4. Nf3 c5 5. Bg5 cxd4 6. Nxd4 dxc4 7. e3 Be7 8. Bxc4 a6 9. a4 Bb4 10. Qb3 Qa5 11. Bxf6 Bxc3+ 12. Qxc3 Qxc3+ 13. bxc3 gxf6 14. Bd3 Nd7 15. Nb3 h6 16. f4 f5 17. Be2 b6 18. Bf3 Rb8 19. c4 Bb7 20. Kf2 Bxf3 21. Kxf3 Ke7 22. Rhd1 Rhc8 23. Rac1 Nc5 24. Nxc5 bxc5 25. a5 Rb4 26. Rd3 Ra4 27. e4 fxe4+ 28. Kxe4 Rxa5 29. Rcd1 Rc7 30. f5 Ra4 31. fxe6 fxe6 32. Rh3 Rxc4+ 33. Ke5 Rg4 34. Rxh6 Rg5+ 35. Ke4 Rc6 36. Rh7+ Ke8 37. h3 Rg8 38. Rb1 Rc8 39. Rbb7 c4 1/2-1/2

[Event "Piacenza Province-ch"]
[Site "Piacenza"]
[Date "2011.04.02"]
[Round "4"]
[White "Pinna, Ferdinando"]
[Black "Losi, Paolo"]
[Result "1-0"]
[WhiteElo "1885"]
[BlackElo "1572"]
[PlyCount "135"]
[EventDate "2011.04.01"]
[EventType "swiss"]
[EventRounds "5"]
[EventCountry "ITA"]
[SourceTitle "EXT 2024"]
[Source "ChessBase"]
[SourceDate "2023.10.10"]
[SourceVersion "1"]
[SourceVersionDate "2023.10.10"]
[SourceQuality "1"]

1. e4 c5 2. Nf3 Nc6 3. d4 cxd4 4. Nxd4 Nf6 5. Nc3 a6 6. Be2 d6 7. Be3 e5 8. Nb3 Be6 9. 0-0 d5 10. exd5 Nxd5 11. Nxd5 Qxd5 12. c4 Qxd1 13. Rfxd1 Rc8 14. Rac1 f5 15. g3 Kf7 16. Nc5 Bxc5 17. Bxc5 Rhd8 18. Bb6 Rd7 19. b3 e4 20. f3 Re8 21. Rxd7+ Bxd7 22. Rd1 Nb8 23. fxe4 fxe4 24. Kf2 Bc6 25. Bg4 g6 26. h4 h5 27. Bh3 Kf6 28. Ke3 Kg7 29. Ba7 Kf6 30. Rd6+ Kf7 31. Rd4 Kf6 32. Bxb8 Rxb8 33. Bg2 Re8 34. Bxe4 Bxe4 35. Rxe4 Rd8 36. Rd4 Re8+ 37. Kf4 Re2 38. Rd6+ Kf7 39. Rd7+ Kf6 40. Rxb7 Rf2+ 41. Ke4 Re2+ 42. Kf3 Rxa2 43. Rb6+ Kf5 44. c5 Rc2 45. b4 Rc3+ 46. Kg2 a5 47. bxa5 Rxc5 48. Ra6 Rc3 49. Kh3 Ra3 50. Ra8 Kf6 51. a6 Kf7 52. Kg2 Kg7 53. Kf2 Kf7 54. Ra7+ Kf6 55. Ra8 Kf7 56. a7 Kg7 57. Ke2 Ra2+ 58. Ke3 Ra3+ 59. Kd4 Rxg3 60. Rg8+ Kxg8 61. a8Q+ Kh7 62. Qb7+ Kh6 63. Qe7 Rg4+ 64. Ke3 Rg3+ 65. Kf2 Rg4 66. Kf3 Ra4 67. Qd8 Rg4 68. Qh8# 1-0